000 01729nam a2200229Ia 4500
003 Ost
005 20260507075039.0
008 260507s9999||||xx |||||||||||||| ||und||
040 _cfsecg
041 _aara
082 _a330
100 _aعبد الحميد، محمد سامي
_eمؤلف
245 0 _aالتنظيم الدولي /
_c محمد سامي عبد الحميد
260 _aالاسكندرية:
_bدار المطبوعات الجامعية,
_c2002
300 _a544 صفحة؛
_c24 سم
504 _aببلوغرافيا ص.7
520 _aالجزء الأول يحتوي: لدراسة القانون الدولي العام،في التعريف بالقانون الدولي العام وبيان خصائصه الرئيسية،في نشاة القانون الدولي العام وتطوره،صناعة البحث في القانون الدولي العام،الجماعة الدولية،أنواع الدول من حيث الطبيعة القانونية لكيانها الذاتي،الوضع ا لقانوني للدولة كعضو في المجتمع الدولي،أنواع الدول من حيث مدى إسهام كل منها في شئون المجتمع الدولي،النظرية العامة للمنظمة الدولية، هيكل المنظمة الدولية الجزء الثاني يحتوي:ميثاق الأمم المتحدة،ميثاق الأمم المتحدة،بنيان الأمم المتحدة،الوسائل القانونية لممارسة نشاط الأمم المتحدة
653 _aالقانون الدولي
653 _aالمنظمات الدولية
700 _aالرقاق، محمد السعيد
_eمؤلف ثانوي
942 _cكتاب
999 _c42487
_d42487